Public administration in Pakistan; (Record no. 84739)
[ view plain ]
| 000 -LEADER | |
|---|---|
| fixed length control field | 00720nam a2200217 4500 |
| 001 - CONTROL NUMBER | |
| control field | sa 68012766 |
| 003 - CONTROL NUMBER IDENTIFIER | |
| control field | DLC |
| 005 - DATE AND TIME OF LATEST TRANSACTION | |
| control field | 20260227112615.0 |
| 008 - FIXED-LENGTH DATA ELEMENTS--GENERAL INFORMATION | |
| fixed length control field | 691103s1966 pk b 00010 eng |
| 010 ## - LIBRARY OF CONGRESS CONTROL NUMBER | |
| LC control number | sa 68012766 |
| 025 ## - OVERSEAS ACQUISITION NUMBER | |
| Overseas acquisition number | PL480:P-E-1215 |
| 050 0# - LIBRARY OF CONGRESS CALL NUMBER | |
| Classification number | Z7165.P3 |
| Item number | N5 |
| 082 ## - DEWEY DECIMAL CLASSIFICATION NUMBER | |
| Classification number | 016.354549 |
| 100 10 - MAIN ENTRY--PERSONAL NAME | |
| Personal name | Niaz, Mohammad Aslam. |
| 245 1# - TITLE STATEMENT | |
| Title | Public administration in Pakistan; |
| Remainder of title | a select bibliography. |
| Statement of responsibility, etc. | Compiled by Mohammad Aslam Niaz and Ayyaz Mahmood Qureshi. |
| 260 0# - PUBLICATION, DISTRIBUTION, ETC. | |
| Place of publication, distribution, etc. | Karachi, |
| Name of publisher, distributor, etc. | National Institute of Public Administration, |
| Date of publication, distribution, etc. | 1966. |
| 300 ## - PHYSICAL DESCRIPTION | |
| Extent | ii, 75 p. |
| Dimensions | 25 cm. |
| 350 ## - PRICE (NR) (BK AM CF MU VM SE) [OBSOLETE] | |
| Price | 3.00 |
| 651 #0 - SUBJECT ADDED ENTRY--GEOGRAPHIC NAME | |
| Geographic name | Pakistan |
| General subdivision | Politics and government |
| -- | Bibliography. |
| 700 10 - ADDED ENTRY--PERSONAL NAME | |
| Personal name | Qureshi, Ayyaz Mahmood, |
| Relator term | joint author. |
No items available.